| 000 | 02694cam a2200445 a 4500 | ||
|---|---|---|---|
| 001 | 16183919 | ||
| 003 | BJBSDDR | ||
| 005 | 20260420141800.0 | ||
| 007 | ta | ||
| 008 | 100413s2011 nyuab b 001 0 eng | ||
| 010 | _a 2010015108 | ||
| 020 | _a9780393080070 | ||
| 035 | _a16183919 | ||
| 040 |
_aDLC _cDLC _dDLC _beng |
||
| 041 | _deng | ||
| 042 | _apcc | ||
| 050 | 0 | 0 |
_aPS508.H57 _bN882 2011 |
| 082 | 0 | 0 |
_a810.8/0868073 _222 |
| 245 | 0 | 4 |
_aThe Norton anthology of Latino literature / _cIlan Stavans, general editor ; [editors], Edna Acosta-Belén ... [et al.]. |
| 250 | _a1st ed. | ||
| 260 |
_aNew York : _bW.W. Norton & Co., _cc2011. |
||
| 300 |
_alxxi, 2489, A177 p. : _bill., col. maps ; _c25 cm. |
||
| 336 |
_atext _btxt _2rdacontent |
||
| 337 |
_aunmediated _bn _2rdamedia |
||
| 338 |
_avolume _bnc _2rdacarrier |
||
| 500 | _aMaps on endpapers. | ||
| 504 | _aIncludes bibliographical references and index. | ||
| 520 | _aOverview: A dazzling and definitive compendium of the Latino literary tradition. This groundbreaking Norton Anthology includes the work of 201 Latino writers from Chicano, Cuban-, Puerto Rican-, and Dominican-American traditions, as well as writing from other Spanish-speaking countries. Under the general editorship of award-winning cultural critic Ilan Stavans, The Norton Anthology of Latino Literature traces four centuries of writing, from letters to the Spanish crown by sixteenth-century conquistadors to the cutting-edge expressions of twenty-first-century cartoonistas and artists of reggaeton. In six chronological sections-Colonization, Annexation, Acculturation, Upheaval, Into the Mainstream, and Popular Traditions-it encompasses all genres, featuring such writers as Jose Marti, William Carlos Williams, Julia Alvarez, Oscar Hijuelos, Cristina Garcia, Piri Thomas, Esmeralda Santiago, and Junot Diaz. Twelve years in the making, The Norton Anthology of Latino Literature sheds new light on "nuestra America" through a gathering of writing unprecedented in scope and vitality. | ||
| 546 | _aSome text in parallel English and Spanish. | ||
| 650 | 0 |
_aAmerican literature _xHispanic American authors. |
|
| 650 | 0 |
_aHispanic Americans _vLiterary collections. |
|
| 655 | 7 |
_aLiterature. _2lcgft _0https://id.loc.gov/authorities/genreForms/gf2014026415 |
|
| 700 | 1 |
_aStavans, Ilan, _d1961- _927317 |
|
| 700 | 1 |
_aAcosta-Belén, Edna, _d1948- _948011 |
|
| 906 |
_a7 _bcbc _corignew _d1 _eecip _f20 _gy-gencatlg |
||
| 942 |
_2lcc _n0 _cBK |
||
| 946 | _irmza | ||
| 999 |
_c126850 _d126850 |
||